|
|
|
|
| LEADER |
00000nab a22000005a 4500 |
| 001 |
AR-BbUGT10127 |
| 003 |
AR-BbUGT |
| 005 |
20210429122127.0 |
| 007 |
ta |
| 008 |
180417s2016||||ag |||p |||| 0|||||spa d |
| 999 |
|
|
|c 15664
|d 15664
|
| 040 |
|
|
|a AR-BbUGT
|c AR-BbUGT
|
| 100 |
1 |
|
|a Troncoso, Claudia Alejandra
|
| 245 |
1 |
0 |
|a Hacia una nueva geografía turística del noroeste argentino. La promoción de los "confines turísticos" en las provincias de Salta y Jujuy
|
| 651 |
|
4 |
|9 367
|a Jujuy (Argentina : Provincia)
|
| 651 |
|
4 |
|a Salta (Argentina : Provincia)
|9 374
|
| 653 |
|
|
|a Puna
|
| 653 |
|
|
|a Yungas
|
| 653 |
|
|
|a Turismo
|
| 773 |
0 |
|
|o R7580.44
|g Vol. 19 (2016), p. 97-116
|t Estudios socioterritoriales
|x 1515-6206
|w AR-BbUGT7031
|
| 942 |
|
|
|2 ddc
|c ARTPP
|